000 00672nam a2200217 a 4500
001 19610
003 CO-ViMGA
008 141112s2004 ck r 000 u spa d
020 _a9682461928
040 _aCO-ViMGA
_bspa
_cCO-ViMGA
082 0 4 _a070.4 I771e
100 1 _aIsrael Garzón, Estrella
_928349
245 1 0 _aComunicación y periodismo en una sociedad global :
_bcomunicar la diferencia
260 _aMexico :
_bTrillas,
_c2001
300 _a183 p.
590 _aForma de adquisición : Premio Mincultura
650 1 4 _aCOMUNICACION
_952539
650 1 4 _aMEDIOS DE COMUNICACION DE MASAS
_920553
650 1 4 _aPERIODISMO COMO PROFESION
_928350
942 _2ddc
_cBK
999 _c28748
_d28748